[Event "ODJM C 2025"]
[Site "Willingen GER"]
[Date "2025.06.08"]
[Round "1"]
[White "Börner, Martha"]
[Black "Peglau, Louise Deborah"]
[Result "1-0"]
[Termination "normal"]
[Board "22"]
[WhiteElo "1211"]
[BlackElo "861"]
[WhiteClock "01:20:53"]
[BlackClock "01:28:40"]
[PlyCount "59"]
[WhiteFideId "34665382"]
[BlackFideId "34667008"]
[EventCountry "GER"]
[EventRounds "9"]
[EventType "swiss"]
[EventDate "2025.06.07"]

1. e4 {[%clk 01:30:55]} {[%emt 00:00:04]} e6 {[%clk 01:30:58]} {[%emt
00:00:03]} 2. d4 {[%clk 01:31:15]} {[%emt 00:00:09]} d5 {[%clk 01:31:24]}
{[%emt 00:00:04]} 3. e5 {[%clk 01:31:36]} {[%emt 00:00:09]} c5 {[%clk
01:31:40]} {[%emt 00:00:13]} 4. Nf3 {[%clk 01:31:27]} {[%emt 00:00:39]} Nc6
{[%clk 01:31:57]} {[%emt 00:00:15]} 5. Bb5 {[%clk 01:31:39]} {[%emt 00:00:18]}
Bd7 {[%clk 01:31:55]} {[%emt 00:00:32]} 6. Bxc6 {[%clk 01:31:43]} {[%emt
00:00:26]} Bxc6 {[%clk 01:32:15]} {[%emt 00:00:10]} 7. dxc5 {[%clk 01:29:35]}
{[%emt 00:02:38]} Bxc5 {[%clk 01:32:10]} {[%emt 00:00:34]} 8. Bg5 {[%clk
01:29:52]} {[%emt 00:00:12]} Ne7 {[%clk 01:31:42]} {[%emt 00:00:58]} 9. O-O
{[%clk 01:29:50]} {[%emt 00:00:33]} O-O {[%clk 01:31:40]} {[%emt 00:00:32]} 10.
Nc3 {[%clk 01:28:53]} {[%emt 00:01:27]} Qc7 {[%clk 01:31:13]} {[%emt 00:00:55]}
11. Re1 {[%clk 01:27:45]} {[%emt 00:01:36]} Qb6 {[%clk 01:31:03]} {[%emt
00:00:43]} 12. Bxe7 {[%clk 01:26:36]} {[%emt 00:01:40]} Bxf2+ {[%clk 01:31:03]}
{[%emt 00:00:31]} 13. Kh1 {[%clk 01:26:49]} {[%emt 00:00:15]} Bxe1 {[%clk
01:31:08]} {[%emt 00:00:26]} 14. Bxf8 {[%clk 01:27:12]} {[%emt 00:00:07]} Qxb2
{[%clk 01:30:36]} {[%emt 00:01:02]} 15. Qxe1 {[%clk 01:26:38]} {[%emt
00:01:04]} Rxf8 {[%clk 01:30:35]} {[%emt 00:00:30]} 16. Nd4 {[%clk 01:26:53]}
{[%emt 00:00:15]} Rc8 {[%clk 01:30:30]} {[%emt 00:00:35]} 17. Rb1 {[%clk
01:26:02]} {[%emt 00:01:22]} Qa3 {[%clk 01:30:24]} {[%emt 00:00:33]} 18. Nxc6
{[%clk 01:21:45]} {[%emt 00:04:50]} Rxc6 {[%clk 01:30:23]} {[%emt 00:00:29]}
19. Rb3 {[%clk 01:21:31]} {[%emt 00:00:45]} Qe7 {[%clk 01:29:39]} {[%emt
00:01:14]} 20. Qb1 {[%clk 01:19:53]} {[%emt 00:02:07]} b6 {[%clk 01:29:33]}
{[%emt 00:00:38]} 21. Nb5 {[%clk 01:19:51]} {[%emt 00:00:32]} a6 {[%clk
01:29:26]} {[%emt 00:00:36]} 22. Nd6 {[%clk 01:20:00]} {[%emt 00:00:23]} b5
{[%clk 01:29:29]} {[%emt 00:00:27]} 23. a4 {[%clk 01:20:21]} {[%emt 00:00:09]}
Rb6 {[%clk 01:28:08]} {[%emt 00:01:50]} 24. Nc8 {[%clk 01:20:29]} {[%emt
00:00:22]} Qd8 {[%clk 01:27:42]} {[%emt 00:00:56]} 25. Nxb6 {[%clk 01:20:45]}
{[%emt 00:00:14]} Qxb6 {[%clk 01:27:59]} {[%emt 00:00:13]} 26. Rc3 {[%clk
01:20:59]} {[%emt 00:00:16]} g6 {[%clk 01:28:11]} {[%emt 00:00:17]} 27. Qb4
{[%clk 01:20:50]} {[%emt 00:00:40]} a5 {[%clk 01:28:15]} {[%emt 00:00:26]} 28.
Qe7 {[%clk 01:20:45]} {[%emt 00:00:32]} Qd4 {[%clk 01:28:24]} {[%emt 00:00:24]}
29. Rc8+ {[%clk 01:20:53]} {[%emt 00:00:22]} Kg7 {[%clk 01:28:40]} {[%emt
00:00:15]} 30. Qf8# {[%emt 00:00:30]} 1-0

[Event "ODJM C 2025"]
[Site "Willingen GER"]
[Date "2025.06.08"]
[Round "1"]
[White "Wagner, Valentin Thien-Phú"]
[Black "Trunz, Daniel"]
[Result "1-0"]
[Termination "normal"]
[Board "23"]
[WhiteElo "1401"]
[BlackElo "1495"]
[WhiteClock "01:02:06"]
[BlackClock "01:23:26"]
[PlyCount "33"]
[WhiteFideId "34603492"]
[BlackFideId "34640797"]
[EventCountry "GER"]
[EventRounds "9"]
[EventType "swiss"]
[EventDate "2025.06.07"]

1. e4 {[%clk 01:30:59]} e5 {[%clk 01:30:58]} {[%emt 00:00:02]} 2. Nf3 {[%clk
01:31:23]} {[%emt 00:00:05]} Nc6 {[%clk 01:31:18]} {[%emt 00:00:11]} 3. Bc4
{[%clk 01:31:42]} {[%emt 00:00:11]} Bc5 {[%clk 01:31:35]} {[%emt 00:00:13]} 4.
d3 {[%clk 01:31:14]} {[%emt 00:00:57]} Nf6 {[%clk 01:31:47]} {[%emt 00:00:18]}
5. Be3 {[%clk 01:31:12]} {[%emt 00:00:33]} Bxe3 {[%clk 01:31:24]} {[%emt
00:00:52]} 6. fxe3 {[%clk 01:31:30]} {[%emt 00:00:12]} d6 {[%clk 01:31:05]}
{[%emt 00:00:49]} 7. Ng5 {[%clk 01:28:15]} {[%emt 00:03:44]} O-O {[%clk
01:30:24]} {[%emt 00:01:13]} 8. O-O {[%clk 01:28:28]} {[%emt 00:00:17]} h6
{[%clk 01:29:34]} {[%emt 00:01:20]} 9. Nh3 {[%clk 01:26:24]} {[%emt 00:02:30]}
Bxh3 {[%clk 01:29:45]} {[%emt 00:00:23]} 10. gxh3 {[%clk 01:26:45]} {[%emt
00:00:08]} a6 {[%clk 01:28:29]} {[%emt 00:01:47]} 11. Nc3 {[%clk 01:24:05]}
{[%emt 00:03:10]} b5 {[%clk 01:28:14]} {[%emt 00:00:45]} 12. Bd5 {[%clk
01:23:47]} {[%emt 00:00:46]} Nxd5 {[%clk 01:28:05]} {[%emt 00:00:41]} 13. exd5
{[%clk 01:23:21]} {[%emt 00:00:56]} Ne7 {[%emt 00:02:16]} 14. Ne4 {[%clk
01:21:44]} {[%emt 00:01:26]} Nxd5 {[%clk 01:26:09]} {[%emt 00:01:21]} 15. Qf3
{[%clk 01:12:11]} {[%emt 00:10:03]} f5 {[%clk 01:25:02]} {[%emt 00:01:38]} 16.
Ng3 {[%clk 01:08:50]} {[%emt 00:03:49]} c6 {[%clk 01:23:26]} {[%emt 00:02:07]}
17. Rae1 {[%clk 01:02:06]} {[%emt 00:07:15]} Qg5 {[%clk 01:21:34]} {[%emt
00:09:38]} 18. h4 {[%clk 00:48:13]} {[%emt 00:07:06]} Qg6 {[%clk 01:17:28]}
{[%emt 00:04:37]} 19. Kh1 {[%clk 00:44:01]} {[%emt 00:04:40]} f4 {[%clk
01:15:29]} {[%emt 00:02:30]} 20. Nh5 {[%clk 00:38:28]} {[%emt 00:06:01]} fxe3
{[%clk 01:14:18]} {[%emt 00:01:43]} 21. Qe2 {[%clk 00:37:44]} {[%emt 00:01:13]}
Nf4 {[%clk 01:12:37]} {[%emt 00:02:12]} 22. Rxf4 {[%clk 00:31:47]} {[%emt
00:06:27]} exf4 {[%clk 01:12:06]} {[%emt 00:01:02]} 23. Qf3 {[%clk 00:29:16]}
{[%emt 00:03:01]} Rf5 {[%clk 01:10:36]} {[%emt 00:02:00]} 24. Nxg7 {[%clk
00:19:05]} {[%emt 00:10:40]} Rf7 {[%clk 01:06:55]} {[%emt 00:04:10]} 25. Rg1
{[%clk 00:11:52]} {[%emt 00:07:44]} Qh7 {[%clk 01:06:21]} {[%emt 00:01:04]} 26.
Qxc6 {[%clk 00:11:28]} {[%emt 00:00:52]} Rb8 {[%clk 01:00:34]} {[%emt
00:06:19]} 27. Qxd6 {[%clk 00:11:43]} {[%emt 00:00:13]} Rc8 {[%clk 00:56:01]}
{[%emt 00:05:06]} 28. Ne6+ {[%clk 00:11:01]} {[%emt 00:01:12]} Rg7 {[%clk
00:50:35]} {[%emt 00:05:56]} 29. Nxg7 {[%clk 00:09:50]} {[%emt 00:01:39]} Kh8
{[%clk 00:49:37]} {[%emt 00:01:29]} 30. Qf6 {[%clk 00:09:37]} {[%emt 00:00:41]}
Rg8 {[%clk 00:47:59]} {[%emt 00:02:10]} 31. Ne6+ {[%clk 00:09:00]} {[%emt
00:01:07]} Qg7 {[%clk 00:47:09]} {[%emt 00:01:20]} 32. Rxg7 {[%clk 00:09:03]}
{[%emt 00:00:26]} e2 {[%clk 00:46:58]} {[%emt 00:00:43]} 33. Rxg8+ {[%clk
00:09:12]} {[%emt 00:00:20]} Kxg8 {[%clk 00:47:02]} {[%emt 00:00:27]} 34. Qg7#
{[%clk 00:09:34]} {[%emt 00:00:07]} 1-0

[Event "ODJM C 2025"]
[Site "Willingen GER"]
[Date "2025.06.08"]
[Round "1"]
[White "Volkmann, Alexej"]
[Black "Yang, Everest"]
[Result "0-1"]
[Termination "normal"]
[Board "25"]
[WhiteElo "834"]
[BlackElo "1629"]
[WhiteClock "01:21:07"]
[BlackClock "01:29:01"]
[PlyCount "48"]
[WhiteFideId "533006644"]
[BlackFideId "533021570"]
[EventCountry "GER"]
[EventRounds "9"]
[EventType "swiss"]
[EventDate "2025.06.07"]

1. e4 {[%clk 01:30:59]} e5 {[%clk 01:30:51]} {[%emt 00:00:10]} 2. Nf3 {[%clk
01:31:20]} {[%emt 00:00:09]} Nc6 {[%clk 01:31:11]} {[%emt 00:00:10]} 3. Bc4
{[%clk 01:31:42]} {[%emt 00:00:08]} Nf6 {[%clk 01:31:25]} {[%emt 00:00:16]} 4.
d3 {[%clk 01:32:04]} {[%emt 00:00:07]} h6 {[%clk 01:31:21]} {[%emt 00:00:36]}
5. O-O {[%emt 00:00:47]} d5 {[%clk 01:31:17]} {[%emt 00:00:26]} 6. exd5 {[%clk
01:31:42]} {[%emt 00:00:42]} Nxd5 {[%clk 01:31:35]} {[%emt 00:00:13]} 7. Nbd2
{[%clk 01:31:17]} {[%emt 00:00:54]} Nb6 {[%clk 01:30:31]} {[%emt 00:01:34]} 8.
Bb5 {[%clk 01:31:00]} {[%emt 00:00:48]} Bd6 {[%clk 01:30:48]} {[%emt 00:00:12]}
9. Nc4 {[%clk 01:31:04]} {[%emt 00:00:25]} Nxc4 {[%clk 01:30:48]} {[%emt
00:00:30]} 10. Bxc4 {[%clk 01:31:22]} {[%emt 00:00:12]} O-O {[%clk 01:30:54]}
{[%emt 00:00:25]} 11. h3 {[%clk 01:30:53]} {[%emt 00:01:00]} Na5 {[%clk
01:30:53]} {[%emt 00:00:31]} 12. Bd5 {[%clk 01:31:02]} {[%emt 00:00:20]} c6
{[%clk 01:30:53]} {[%emt 00:00:29]} 13. Be4 {[%clk 01:31:12]} {[%emt 00:00:21]}
f5 {[%clk 01:31:10]} {[%emt 00:00:13]} 14. Bxc6 {[%clk 01:29:09]} {[%emt
00:02:32]} Nxc6 {[%clk 01:31:23]} {[%emt 00:00:18]} 15. Be3 {[%clk 01:28:31]}
{[%emt 00:01:07]} f4 {[%clk 01:31:06]} {[%emt 00:00:48]} 16. Bd2 {[%clk
01:28:48]} {[%emt 00:00:12]} g5 {[%clk 01:29:16]} {[%emt 00:02:21]} 17. c3
{[%clk 01:27:49]} {[%emt 00:01:30]} g4 {[%clk 01:28:59]} {[%emt 00:00:46]} 18.
hxg4 {[%clk 01:27:43]} {[%emt 00:00:35]} Bxg4 {[%clk 01:29:17]} {[%emt
00:00:13]} 19. Be1 {[%clk 01:23:20]} {[%emt 00:04:53]} Kh7 {[%clk 01:28:26]}
{[%emt 00:01:20]} 20. Rc1 {[%clk 01:22:52]} {[%emt 00:00:59]} e4 {[%clk
01:28:26]} {[%emt 00:00:30]} 21. dxe4 {[%clk 01:22:54]} {[%emt 00:00:28]} Ne5
{[%clk 01:28:46]} {[%emt 00:00:10]} 22. Qe2 {[%clk 01:21:30]} {[%emt 00:01:54]}
Bxf3 {[%clk 01:28:48]} {[%emt 00:00:29]} 23. gxf3 {[%clk 01:21:39]} {[%emt
00:00:20]} Rg8+ {[%clk 01:29:01]} {[%emt 00:00:17]} 24. Kh2 {[%clk 01:21:07]}
{[%emt 00:01:01]} Qh4# {[%emt 00:00:44]} 0-1

[Event "ODJM C 2025"]
[Site "Willingen GER"]
[Date "2025.06.08"]
[Round "1"]
[White "Tamke, Quintus"]
[Black "Hasekamp, Jonas"]
[Result "1-0"]
[Termination "normal"]
[Board "26"]
[WhiteElo "1201"]
[BlackElo "812"]
[WhiteClock "01:32:48"]
[BlackClock "01:22:27"]
[PlyCount "89"]
[WhiteFideId "533015856"]
[BlackFideId "34685944"]
[EventCountry "GER"]
[EventRounds "9"]
[EventType "swiss"]
[EventDate "2025.06.07"]

1. d4 {[%clk 01:30:56]} {[%emt 00:00:03]} Nf6 {[%clk 01:30:44]} {[%emt
00:00:16]} 2. Bg5 {[%emt 00:00:11]} Ne4 {[%clk 01:30:50]} {[%emt 00:00:16]} 3.
Bf4 {[%clk 01:31:37]} {[%emt 00:00:16]} e6 {[%clk 01:30:45]} {[%emt 00:00:28]}
4. e3 {[%clk 01:31:36]} {[%emt 00:00:39]} Bb4+ {[%clk 01:30:52]} {[%emt
00:00:20]} 5. c3 {[%clk 01:31:44]} {[%emt 00:00:25]} Bd6 {[%clk 01:30:57]}
{[%emt 00:00:12]} 6. Bxd6 {[%clk 01:31:58]} {[%emt 00:00:29]} cxd6 {[%clk
01:31:10]} {[%emt 00:00:17]} 7. Bd3 {[%clk 01:32:10]} {[%emt 00:00:19]} d5
{[%clk 01:31:00]} {[%emt 00:00:34]} 8. Nd2 {[%clk 01:32:14]} {[%emt 00:00:32]}
Qf6 {[%clk 01:30:41]} {[%emt 00:00:43]} 9. Nxe4 {[%clk 01:32:27]} {[%emt
00:00:24]} dxe4 {[%clk 01:30:37]} {[%emt 00:00:15]} 10. Bxe4 {[%clk 01:32:28]}
{[%emt 00:00:47]} d5 {[%clk 01:30:47]} {[%emt 00:00:20]} 11. Bd3 {[%clk
01:32:31]} {[%emt 00:00:28]} O-O {[%clk 01:30:36]} {[%emt 00:00:37]} 12. Nf3
{[%clk 01:32:32]} {[%emt 00:00:32]} a5 {[%clk 01:29:31]} {[%emt 00:01:31]} 13.
Qc2 {[%clk 01:30:30]} {[%emt 00:02:36]} Nc6 {[%clk 01:28:59]} {[%emt 00:00:49]}
14. Bxh7+ {[%clk 01:30:44]} {[%emt 00:00:29]} Kh8 {[%clk 01:29:10]} {[%emt
00:00:19]} 15. Bd3 {[%clk 01:30:59]} {[%emt 00:00:16]} e5 {[%clk 01:29:13]}
{[%emt 00:00:21]} 16. dxe5 {[%clk 01:30:29]} {[%emt 00:01:05]} Nxe5 {[%clk
01:29:08]} {[%emt 00:02:33]} 17. Nxe5 {[%clk 01:30:27]} {[%emt 00:00:29]} Qxe5
{[%clk 01:29:02]} {[%emt 00:00:35]} 18. O-O {[%clk 01:30:13]} {[%emt 00:00:45]}
g6 {[%clk 01:29:07]} {[%emt 00:00:16]} 19. Rae1 {[%clk 01:28:54]} {[%emt
00:01:58]} Kg7 {[%clk 01:29:11]} {[%emt 00:00:26]} 20. f4 {[%clk 01:29:04]}
{[%emt 00:00:20]} Qh5 {[%clk 01:28:18]} {[%emt 00:00:51]} 21. f5 {[%clk
01:28:41]} {[%emt 00:01:25]} gxf5 {[%clk 01:27:14]} {[%emt 00:00:57]} 22. Bxf5
{[%clk 01:28:41]} {[%emt 00:01:07]} Bxf5 {[%emt 00:00:37]} 23. Qxf5 {[%emt
00:00:32]} Qxf5 {[%clk 01:26:04]} {[%emt 00:00:31]} 24. Rxf5 {[%clk 01:28:49]}
{[%emt 00:00:22]} a4 {[%clk 01:25:50]} {[%emt 00:00:39]} 25. Rxd5 {[%clk
01:29:12]} {[%emt 00:00:12]} a3 {[%clk 01:25:56]} {[%emt 00:00:24]} 26. b3
{[%clk 01:29:28]} {[%emt 00:00:14]} Rfd8 {[%clk 01:25:39]} {[%emt 00:00:48]}
27. c4 {[%clk 01:29:13]} {[%emt 00:00:40]} Rxd5 {[%clk 01:25:47]} {[%emt
00:00:27]} 28. cxd5 {[%clk 01:29:35]} {[%emt 00:00:08]} Re8 {[%clk 01:25:53]}
{[%emt 00:00:16]} 29. e4 {[%clk 01:29:50]} {[%emt 00:00:22]} f5 {[%clk
01:25:59]} {[%emt 00:00:14]} 30. e5 {[%clk 01:30:16]} {[%emt 00:00:13]} Rc8
{[%clk 01:25:54]} {[%emt 00:00:36]} 31. e6 {[%clk 01:30:28]} {[%emt 00:00:18]}
Kf8 {[%clk 01:25:55]} {[%emt 00:00:20]} 32. d6 {[%clk 01:30:55]} {[%emt
00:00:12]} Rc6 {[%clk 01:25:38]} {[%emt 00:00:12]} 33. e7+ {[%clk 01:31:14]}
{[%emt 00:00:46]} Ke8 {[%clk 01:25:49]} {[%emt 00:00:19]} 34. d7+ {[%clk
01:31:34]} {[%emt 00:00:10]} Kxd7 {[%emt 00:00:27]} 35. e8=Q+ {[%emt 00:00:13]}
Kd6 {[%emt 00:00:30]} 36. Qd8+ {[%emt 00:00:18]} Kc5 {[%clk 01:24:21]} {[%emt
00:00:19]} 37. Rc1+ {[%clk 01:32:03]} Kb5 {[%emt 00:00:25]} 38. Qd5+ {[%emt
00:00:21]} Ka6 {[%emt 00:00:17]} 39. Rxc6+ {[%emt 00:00:10]} bxc6 {[%clk
01:23:40]} {[%emt 00:00:10]} 40. Qxc6+ {[%clk 01:32:24]} {[%emt 00:00:09]} Ka7
{[%emt 00:00:07]} 41. b4 {[%emt 00:00:20]} Kb8 {[%emt 00:00:22]} 42. b5 {[%emt
00:00:12]} f4 {[%emt 00:00:17]} 43. b6 {[%emt 00:00:12]} f3 {[%clk 01:22:27]}
{[%emt 00:00:12]} 44. Qc7+ {[%clk 01:32:48]} {[%emt 00:00:07]} Ka8 {[%emt
00:00:06]} 45. Qa7# {[%clk 01:32:48]} {[%emt 00:00:14]} 1-0

[Event "ODJM C 2025"]
[Site "Willingen GER"]
[Date "2025.06.08"]
[Round "1"]
[White "Ziem, Aurelie"]
[Black "Weibrecht, Theo"]
[Result "0-1"]
[Termination "normal"]
[Board "27"]
[WhiteElo "786"]
[BlackElo "1596"]
[WhiteClock "01:18:47"]
[BlackClock "01:22:08"]
[PlyCount "64"]
[WhiteFideId "533022194"]
[BlackFideId "34660240"]
[EventCountry "GER"]
[EventRounds "9"]
[EventType "swiss"]
[EventDate "2025.06.07"]

1. e4 {[%clk 01:30:57]} {[%emt 00:00:02]} c5 {[%clk 01:30:56]} {[%emt
00:00:05]} 2. Nf3 {[%clk 01:31:11]} {[%emt 00:00:15]} Nc6 {[%clk 01:31:20]}
{[%emt 00:00:08]} 3. Nc3 {[%clk 01:31:10]} {[%emt 00:00:30]} g6 {[%clk
01:31:39]} {[%emt 00:00:10]} 4. d4 {[%clk 01:31:13]} {[%emt 00:00:28]} cxd4
{[%clk 01:32:05]} {[%emt 00:00:04]} 5. Nxd4 {[%clk 01:31:31]} {[%emt 00:00:13]}
Bg7 {[%clk 01:32:25]} {[%emt 00:00:09]} 6. Be3 {[%clk 01:31:03]} {[%emt
00:00:55]} Nf6 {[%clk 01:32:48]} {[%emt 00:00:09]} 7. Qd3 {[%clk 01:30:25]}
{[%emt 00:01:07]} O-O {[%clk 01:31:38]} {[%emt 00:01:42]} 8. f3 {[%clk
01:30:41]} {[%emt 00:00:12]} Ne5 {[%clk 01:30:13]} {[%emt 00:01:57]} 9. Qd1
{[%clk 01:30:22]} {[%emt 00:00:45]} d5 {[%clk 01:29:52]} {[%emt 00:00:54]} 10.
g4 {[%clk 01:28:44]} {[%emt 00:02:07]} dxe4 {[%clk 01:29:59]} {[%emt 00:00:24]}
11. fxe4 {[%clk 01:28:09]} {[%emt 00:01:05]} Bxg4 {[%clk 01:29:07]} {[%emt
00:01:23]} 12. Qd2 {[%clk 01:27:48]} {[%emt 00:00:49]} Qxd4 {[%clk 01:26:53]}
{[%emt 00:02:46]} 13. Qxd4 {[%clk 01:26:14]} {[%emt 00:02:02]} Nf3+ {[%clk
01:27:17]} {[%emt 00:00:07]} 14. Kf2 {[%clk 01:26:19]} {[%emt 00:00:24]} Nxd4
{[%clk 01:27:31]} {[%emt 00:00:18]} 15. Bxd4 {[%clk 01:26:36]} {[%emt
00:00:11]} Rfd8 {[%clk 01:27:45]} {[%emt 00:00:17]} 16. Be3 {[%clk 01:26:03]}
{[%emt 00:01:03]} Bh5 {[%clk 01:27:05]} {[%emt 00:01:11]} 17. e5 {[%clk
01:25:30]} {[%emt 00:01:02]} Ng4+ {[%clk 01:27:24]} {[%emt 00:00:11]} 18. Kf3
{[%clk 01:25:12]} {[%emt 00:00:44]} Bxe5 {[%clk 01:26:46]} {[%emt 00:01:12]}
19. Bg5 {[%clk 01:24:01]} {[%emt 00:01:41]} Nxh2+ {[%clk 01:24:32]} {[%emt
00:02:44]} 20. Kf2 {[%clk 01:23:35]} {[%emt 00:00:53]} Bd4+ {[%clk 01:24:29]}
{[%emt 00:00:37]} 21. Kg3 {[%clk 01:22:41]} {[%emt 00:01:21]} Be5+ {[%clk
01:24:01]} {[%emt 00:01:01]} 22. Bf4 {[%clk 01:22:05]} {[%emt 00:01:03]} Bxf4+
{[%clk 01:23:40]} {[%emt 00:00:54]} 23. Kxf4 {[%clk 01:22:14]} {[%emt
00:00:19]} Nxf1 {[%clk 01:22:54]} {[%emt 00:01:17]} 24. Rhxf1 {[%clk 01:22:27]}
{[%emt 00:00:17]} Rd4+ {[%clk 01:23:04]} {[%emt 00:00:18]} 25. Ke3 {[%clk
01:22:17]} {[%emt 00:00:36]} Rad8 {[%clk 01:22:34]} {[%emt 00:01:07]} 26. Rae1
{[%clk 01:22:02]} {[%emt 00:00:44]} R4d6 {[%clk 01:22:03]} {[%emt 00:01:02]}
27. Nb5 {[%clk 01:21:29]} {[%emt 00:01:02]} Re6+ {[%clk 01:22:26]} {[%emt
00:00:07]} 28. Kf2 {[%clk 01:20:45]} {[%emt 00:01:14]} Rd2+ {[%clk 01:22:25]}
{[%emt 00:00:32]} 29. Kg1 {[%clk 01:19:15]} {[%emt 00:01:56]} Ree2 {[%clk
01:21:43]} {[%emt 00:01:16]} 30. Nc3 {[%clk 01:18:53]} {[%emt 00:00:52]} Rg2+
{[%clk 01:21:59]} {[%emt 00:00:12]} 31. Kh1 {[%clk 01:19:01]} {[%emt 00:00:23]}
Rh2+ {[%clk 01:22:28]} {[%emt 00:00:03]} 32. Kg1 {[%clk 01:18:47]} {[%emt
00:00:44]} Rdg2# {[%clk 01:22:08]} {[%emt 00:00:08]} 0-1

[Event "ODJM C 2025"]
[Site "Willingen GER"]
[Date "2025.06.08"]
[Round "1"]
[White "Friede, Juan"]
[Black "Lohmüller, Alina"]
[Result "1-0"]
[Termination "normal"]
[Board "28"]
[WhiteElo "1197"]
[BlackElo "772"]
[WhiteClock "01:09:44"]
[BlackClock "01:14:02"]
[PlyCount "30"]
[WhiteFideId "533043760"]
[BlackFideId "533025509"]
[EventCountry "GER"]
[EventRounds "9"]
[EventType "swiss"]
[EventDate "2025.06.07"]

1. e4 {[%clk 01:30:59]} e5 {[%clk 01:30:56]} {[%emt 00:00:04]} 2. Nf3 {[%clk
01:31:24]} {[%emt 00:00:05]} Nc6 {[%clk 01:31:20]} {[%emt 00:00:06]} 3. Bb5
{[%clk 01:31:50]} {[%emt 00:00:04]} a6 {[%clk 01:31:34]} {[%emt 00:00:16]} 4.
Ba4 {[%clk 01:32:18]} {[%emt 00:00:02]} Nf6 {[%clk 01:31:52]} {[%emt 00:00:12]}
5. O-O {[%clk 01:32:39]} {[%emt 00:00:08]} Nxe4 {[%clk 01:31:58]} {[%emt
00:00:24]} 6. Re1 {[%clk 01:32:57]} {[%emt 00:00:12]} Nf6 {[%clk 01:30:11]}
{[%emt 00:02:17]} 7. Nxe5 {[%clk 01:29:47]} {[%emt 00:03:41]} Nxe5 {[%clk
01:28:38]} {[%emt 00:02:03]} 8. Rxe5+ {[%clk 01:30:07]} {[%emt 00:00:10]} Be7
{[%clk 01:28:35]} {[%emt 00:00:33]} 9. d4 {[%clk 01:28:41]} {[%emt 00:01:56]}
O-O {[%clk 01:28:32]} {[%emt 00:00:27]} 10. Nd2 {[%clk 01:21:07]} {[%emt
00:08:09]} d6 {[%clk 01:25:54]} {[%emt 00:03:09]} 11. Re1 {[%clk 01:20:21]}
{[%emt 00:01:16]} Bg4 {[%clk 01:25:56]} {[%emt 00:00:28]} 12. Nf3 {[%clk
01:20:12]} {[%emt 00:00:38]} b5 {[%clk 01:24:30]} {[%emt 00:01:57]} 13. Bb3
{[%clk 01:20:17]} {[%emt 00:00:25]} d5 {[%clk 01:24:24]} {[%emt 00:00:36]} 14.
Qd3 {[%clk 01:10:07]} {[%emt 00:10:40]} Re8 {[%clk 01:15:38]} {[%emt 00:09:16]}
15. Ne5 {[%clk 01:09:44]} {[%emt 00:00:53]} Bb4 {[%clk 01:14:02]} {[%emt
00:02:05]} 16. c3 {[%clk 01:06:59]} {[%emt 00:09:26]} Bd6 {[%clk 01:11:57]}
{[%emt 00:00:05]} 17. Bg5 {[%clk 01:05:50]} {[%emt 00:00:13]} Bh5 {[%clk
01:09:34]} {[%emt 00:00:38]} 18. Bxd5 {[%clk 01:04:36]} {[%emt 00:01:44]} Bg6
{[%clk 01:02:15]} {[%emt 00:07:49]} 19. Nxg6 {[%clk 01:01:20]} {[%emt
00:03:46]} hxg6 {[%clk 01:01:38]} {[%emt 00:01:06]} 20. Rxe8+ {[%clk 01:01:15]}
{[%emt 00:00:36]} Qxe8 {[%clk 01:01:57]} {[%emt 00:00:11]} 21. Bxa8 {[%clk
01:01:11]} {[%emt 00:00:34]} Qxa8 {[%clk 01:01:44]} {[%emt 00:00:43]} 22. Bxf6
{[%clk 01:01:25]} {[%emt 00:00:16]} gxf6 {[%clk 01:01:42]} {[%emt 00:00:31]}
23. Re1 {[%clk 01:01:34]} {[%emt 00:00:22]} c5 {[%clk 01:00:14]} {[%emt
00:01:58]} 24. Re4 {[%clk 01:00:29]} {[%emt 00:01:35]} c4 {[%clk 00:59:50]}
{[%emt 00:00:55]} 25. Qe3 {[%clk 01:00:44]} {[%emt 00:00:15]} Bf8 {[%clk
00:59:33]} {[%emt 00:00:47]} 26. Re8 {[%clk 00:59:20]} {[%emt 00:01:54]} Qc6
{[%clk 00:58:49]} {[%emt 00:01:13]} 27. Rd8 {[%clk 00:59:13]} {[%emt 00:00:37]}
Qc7 {[%clk 00:55:23]} {[%emt 00:03:56]} 28. Qe8 {[%clk 00:58:22]} {[%emt
00:01:21]} Qf4 {[%clk 00:54:34]} {[%emt 00:01:19]} 29. Qxf8+ {[%clk 00:58:43]}
{[%emt 00:00:09]} Kh7 {[%clk 00:54:52]} {[%emt 00:00:12]} 30. Qh8# {[%clk
00:58:34]} {[%emt 00:00:09]} 1-0